000 00831nam a22003017a 4500
001 BR9500393
003 BR-BrBNA
005 20241127163230.0
007 ta
008 230509b bl.||||| |||| 00| 0 por d
040 _aBR-BrBNA
_bpor
_cBiblioteca Nacional de Agricultura
041 _a(Por)
072 _aF01; L02
_b1953
090 _a 1953 BR9500393 OBR
_b2024-7610
100 1 _aPenna, V.
110 1 _aSecretaria da Agricultura, Comercio e Obras Publicas do Estado de Sao Paulo, SP (Brasil)
_98348
245 1 _aA cultura da alfafa e a pecuaria
260 3 _aSao Paulo, SP (Brasil):
_c1923.
300 _a96 p.
500 _a28 illus.
650 _aAlfafa
650 _aCusto de Producao
650 _aPratica Cultural
650 _aFeno
650 _aAdubacao
650 _aPraga de Planta
942 _cBK
_2AGRIS
999 _c50603
_d50603